Contestaciones de Sebastián de Miñano y Bedoya a cartas de José Musso y Valiente (1829-1835) / (Record no. 16725)

MARC details
000 -LEADER
campo de control de longitud fija 00991nam a2200241 i 4500
001 - NÚMERO DE CONTROL
campo de control 16725
003 - IDENTIFICADOR DE NÚMERO DE CONTROL
campo de control ES-MaACL
005 - FECHA Y HORA DE LA ÚLTIMA TRANSACCIÓN
campo de control 20251121130635.0
007 - CAMPO FIJO DE DESCRIPCIÓN FÍSICA--INFORMACIÓN GENERAL
campo de control de longitud fija t|
008 - DATOS DE LONGITUD FIJA--INFORMACIÓN GENERAL
campo de control de longitud fija 001027s1999 sp |||| |dspa d
080 ## - NÚMERO DE LA CLASIFICACIÓN DECIMAL UNIVERSAL
Número de la Clasificación Decimal Universal 929 Miñano y Bedoya, Sebastián de
080 ## - NÚMERO DE LA CLASIFICACIÓN DECIMAL UNIVERSAL
Número de la Clasificación Decimal Universal 929 Musso y Valiente, José
100 1# - ENTRADA PRINCIPAL--NOMBRE DE PERSONA
Nombre de persona Molina Martínez, José Luis.
9 (RLIN) 81949
245 10 - MENCIÓN DEL TÍTULO
Título Contestaciones de Sebastián de Miñano y Bedoya a cartas de José Musso y Valiente (1829-1835) /
Mención de responsabilidad, etc. José Luis Molina Martínez.
260 ## - PUBLICACIÓN, DISTRIBUCIÓN, ETC.
Lugar de publicación, distribución, etc. Santander :
Nombre del editor, distribuidor, etc. Boletín de la Biblioteca de Menéndez Pelayo,
Fecha de publicación, distribución, etc. 1999.
300 ## - DESCRIPCIÓN FÍSICA
Extensión P. 147-229 ;
Dimensiones 24 cm.
500 ## - NOTA GENERAL
Nota general Separata de: Boletín de la Biblioteca de Menéndez Pelayo, año LXXV, en.-dic. 1999.
600 14 - PUNTO DE ACCESO ADICIONAL DE MATERIA--NOMBRE DE PERSONA
Nombre de persona Miñano y Bedoya, Sebastián-
Subdivisión de forma Correspondencia.
9 (RLIN) 81394
600 14 - PUNTO DE ACCESO ADICIONAL DE MATERIA--NOMBRE DE PERSONA
Nombre de persona Musso y Valiente, José (
Fechas asociadas al nombre 1785-1838)-
Subdivisión de forma Correspondencia.
9 (RLIN) 84703
700 1# - ENTRADA AGREGADA--NOMBRE PERSONAL
Nombre de persona Miñano y Bedoya, Sebastián,
Fechas asociadas al nombre 1779-1845
9 (RLIN) 81393
852 ## - LOCALIZACIÓN
Ubicación ES-MaACL
Número de control de estantería L-23879
Holdings
Estatus retirado Estado de pérdida Estado de daño No para préstamo Biblioteca de origen Biblioteca actual Ubicación en estantería Fecha de adquisición Fuente de adquisición Total de préstamos Signatura topográfica completa Código de barras Visto por última vez Precio de reemplazo Tipo de ítem Koha
        Biblioteca del Ateneo de Madrid Biblioteca del Ateneo de Madrid Depósito 2 17/01/2008     L-23879 1016987 23/02/2023 23/02/2023 Libro impreso